Name all moons that orbit a planet in our solar system - Statistics

General Stats
  • This quiz has been taken 16 times
  • The average score is 128 of 419
Answer Stats
Hint Answer % Correct
Earth Moon
91%
Jupiter Io
73%
Saturn Titan
73%
Jupiter Europa
64%
Jupiter Ganymede
64%
Jupiter Callisto
55%
Mars Deimos
55%
Mars Phobos
55%
Neptune S/2002 N 5
45%
Jupiter S/2003 J 10
45%
Jupiter S/2003 J 12
45%
Jupiter S/2003 J 16
45%
Jupiter S/2003 J 18
45%
Jupiter S/2003 J 19
45%
Jupiter S/2003 J 2
45%
Jupiter S/2003 J 23
45%
Jupiter S/2003 J 24
45%
Jupiter S/2003 J 4
45%
Jupiter S/2003 J 9
45%
Saturn S/2004 S 12
45%
Saturn S/2004 S 13
45%
Saturn S/2004 S 17
45%
Saturn S/2004 S 21
45%
Saturn S/2004 S 24
45%
Saturn S/2004 S 26
45%
Saturn S/2004 S 28
45%
Saturn S/2004 S 29
45%
Saturn S/2004 S 31
45%
Saturn S/2004 S 34
45%
Saturn S/2004 S 36
45%
Saturn S/2004 S 37
45%
Saturn S/2004 S 39
45%
Saturn S/2004 S 40
45%
Saturn S/2004 S 41
45%
Saturn S/2004 S 42
45%
Saturn S/2004 S 43
45%
Saturn S/2004 S 44
45%
Saturn S/2004 S 45
45%
Saturn S/2004 S 46
45%
Saturn S/2004 S 47
45%
Saturn S/2004 S 48
45%
Saturn S/2004 S 49
45%
Saturn S/2004 S 50
45%
Saturn S/2004 S 51
45%
Saturn S/2004 S 52
45%
Saturn S/2004 S 53
45%
Saturn S/2004 S 54
45%
Saturn S/2004 S 55
45%
Saturn S/2004 S 56
45%
Saturn S/2004 S 57
45%
Saturn S/2004 S 58
45%
Saturn S/2004 S 59
45%
Saturn S/2004 S 60
45%
Saturn S/2004 S 61
45%
Saturn S/2004 S 7
45%
Saturn S/2005 S 4
45%
Saturn S/2005 S 5
45%
Saturn S/2005 S 6
45%
Saturn S/2005 S 7
45%
Saturn S/2006 S 1
45%
Saturn S/2006 S 10
45%
Saturn S/2006 S 11
45%
Saturn S/2006 S 12
45%
Saturn S/2006 S 13
45%
Saturn S/2006 S 14
45%
Saturn S/2006 S 15
45%
Saturn S/2006 S 16
45%
Saturn S/2006 S 17
45%
Saturn S/2006 S 18
45%
Saturn S/2006 S 19
45%
Saturn S/2006 S 20
45%
Saturn S/2006 S 21
45%
Saturn S/2006 S 22
45%
Saturn S/2006 S 23
45%
Saturn S/2006 S 24
45%
Saturn S/2006 S 25
45%
Saturn S/2006 S 26
45%
Saturn S/2006 S 27
45%
Saturn S/2006 S 28
45%
Saturn S/2006 S 29
45%
Saturn S/2006 S 3
45%
Saturn S/2006 S 9
45%
Saturn S/2007 S 10
45%
Saturn S/2007 S 11
45%
Saturn S/2007 S 2
45%
Saturn S/2007 S 3
45%
Saturn S/2007 S 5
45%
Saturn S/2007 S 6
45%
Saturn S/2007 S 7
45%
Saturn S/2007 S 8
45%
Saturn S/2007 S 9
45%
Saturn S/2009 S 1
45%
Jupiter S/2010 J 1
45%
Jupiter S/2010 J 2
45%
Jupiter S/2011 J 1
45%
Jupiter S/2011 J 2
45%
Jupiter S/2011 J 3
45%
Jupiter S/2016 J 1
45%
Jupiter S/2016 J 3
45%
Jupiter S/2016 J 4
45%
Jupiter S/2017 J 1
45%
Jupiter S/2017 J 10
45%
Jupiter S/2017 J 11
45%
Jupiter S/2017 J 2
45%
Jupiter S/2017 J 3
45%
Jupiter S/2017 J 5
45%
Jupiter S/2017 J 6
45%
Jupiter S/2017 J 7
45%
Jupiter S/2017 J 8
45%
Jupiter S/2017 J 9
45%
Jupiter S/2018 J 2
45%
Jupiter S/2018 J 3
45%
Jupiter S/2018 J 4
45%
Saturn S/2019 S 1
45%
Saturn S/2019 S 10
45%
Saturn S/2019 S 11
45%
Saturn S/2019 S 12
45%
Saturn S/2019 S 13
45%
Saturn S/2019 S 14
45%
Saturn S/2019 S 15
45%
Saturn S/2019 S 16
45%
Saturn S/2019 S 17
45%
Saturn S/2019 S 18
45%
Saturn S/2019 S 19
45%
Saturn S/2019 S 2
45%
Saturn S/2019 S 20
45%
Saturn S/2019 S 21
45%
Saturn S/2019 S 22
45%
Saturn S/2019 S 23
45%
Saturn S/2019 S 24
45%
Saturn S/2019 S 25
45%
Saturn S/2019 S 26
45%
Saturn S/2019 S 27
45%
Saturn S/2019 S 28
45%
Saturn S/2019 S 29
45%
Saturn S/2019 S 3
45%
Saturn S/2019 S 30
45%
Saturn S/2019 S 31
45%
Saturn S/2019 S 32
45%
Saturn S/2019 S 33
45%
Saturn S/2019 S 34
45%
Saturn S/2019 S 35
45%
Saturn S/2019 S 36
45%
Saturn S/2019 S 37
45%
Saturn S/2019 S 38
45%
Saturn S/2019 S 39
45%
Saturn S/2019 S 4
45%
Saturn S/2019 S 40
45%
Saturn S/2019 S 41
45%
Saturn S/2019 S 42
45%
Saturn S/2019 S 43
45%
Saturn S/2019 S 44
45%
Saturn S/2019 S 5
45%
Saturn S/2019 S 6
45%
Saturn S/2019 S 7
45%
Saturn S/2019 S 8
45%
Saturn S/2019 S 9
45%
Saturn S/2020 S 1
45%
Saturn S/2020 S 10
45%
Saturn S/2020 S 11
45%
Saturn S/2020 S 12
45%
Saturn S/2020 S 13
45%
Saturn S/2020 S 14
45%
Saturn S/2020 S 15
45%
Saturn S/2020 S 16
45%
Saturn S/2020 S 17
45%
Saturn S/2020 S 18
45%
Saturn S/2020 S 19
45%
Saturn S/2020 S 2
45%
Saturn S/2020 S 20
45%
Saturn S/2020 S 21
45%
Saturn S/2020 S 22
45%
Saturn S/2020 S 23
45%
Saturn S/2020 S 24
45%
Saturn S/2020 S 25
45%
Saturn S/2020 S 26
45%
Saturn S/2020 S 27
45%
Saturn S/2020 S 28
45%
Saturn S/2020 S 29
45%
Saturn S/2020 S 3
45%
Saturn S/2020 S 30
45%
Saturn S/2020 S 31
45%
Saturn S/2020 S 32
45%
Saturn S/2020 S 33
45%
Saturn S/2020 S 34
45%
Saturn S/2020 S 35
45%
Saturn S/2020 S 36
45%
Saturn S/2020 S 37
45%
Saturn S/2020 S 38
45%
Saturn S/2020 S 39
45%
Saturn S/2020 S 4
45%
Saturn S/2020 S 40
45%
Saturn S/2020 S 41
45%
Saturn S/2020 S 42
45%
Saturn S/2020 S 43
45%
Saturn S/2020 S 44
45%
Saturn S/2020 S 5
45%
Saturn S/2020 S 6
45%
Saturn S/2020 S 7
45%
Saturn S/2020 S 8
45%
Saturn S/2020 S 9
45%
Jupiter S/2021 J 1
45%
Jupiter S/2021 J 2
45%
Jupiter S/2021 J 3
45%
Jupiter S/2021 J 4
45%
Jupiter S/2021 J 5
45%
Jupiter S/2021 J 6
45%
Neptune S/2021 N 1
45%
Jupiter S/2022 J 1
45%
Jupiter S/2022 J 2
45%
Jupiter S/2022 J 3
45%
Saturn S/2023 S 1
45%
Saturn S/2023 S 10
45%
Saturn S/2023 S 11
45%
Saturn S/2023 S 12
45%
Saturn S/2023 S 13
45%
Saturn S/2023 S 14
45%
Saturn S/2023 S 15
45%
Saturn S/2023 S 16
45%
Saturn S/2023 S 17
45%
Saturn S/2023 S 18
45%
Saturn S/2023 S 19
45%
Saturn S/2023 S 2
45%
Saturn S/2023 S 20
45%
Saturn S/2023 S 21
45%
Saturn S/2023 S 22
45%
Saturn S/2023 S 23
45%
Saturn S/2023 S 24
45%
Saturn S/2023 S 25
45%
Saturn S/2023 S 26
45%
Saturn S/2023 S 27
45%
Saturn S/2023 S 28
45%
Saturn S/2023 S 29
45%
Saturn S/2023 S 3
45%
Saturn S/2023 S 30
45%
Saturn S/2023 S 31
45%
Saturn S/2023 S 32
45%
Saturn S/2023 S 33
45%
Saturn S/2023 S 34
45%
Saturn S/2023 S 35
45%
Saturn S/2023 S 36
45%
Saturn S/2023 S 37
45%
Saturn S/2023 S 38
45%
Saturn S/2023 S 39
45%
Saturn S/2023 S 4
45%
Saturn S/2023 S 40
45%
Saturn S/2023 S 41
45%
Saturn S/2023 S 42
45%
Saturn S/2023 S 43
45%
Saturn S/2023 S 44
45%
Saturn S/2023 S 45
45%
Saturn S/2023 S 46
45%
Saturn S/2023 S 47
45%
Saturn S/2023 S 48
45%
Saturn S/2023 S 49
45%
Saturn S/2023 S 5
45%
Saturn S/2023 S 50
45%
Saturn S/2023 S 6
45%
Saturn S/2023 S 7
45%
Saturn S/2023 S 8
45%
Saturn S/2023 S 9
45%
Uranus S/2023 U 1
45%
Uranus S/2025 U 1
45%
Uranus Titania
45%
Saturn Enceladus
36%
Saturn Mimas
36%
Neptune Triton
36%
Jupiter Amalthea
27%
Uranus Ariel
27%
Saturn Dione
27%
Saturn Janus
27%
Jupiter Metis
27%
Uranus Oberon
27%
Saturn Pan
27%
Uranus Puck
27%
Saturn Rhea
27%
Jupiter Thebe
27%
Uranus Umbriel
27%
Uranus Cupid
18%
Jupiter Dia
18%
Saturn Iapetus
18%
Uranus Juliet
18%
Uranus Miranda
18%
Saturn Tethys
18%
Jupiter Adrastea
9%
Saturn Atlas
9%
Jupiter Elara
9%
Saturn Epimetheus
9%
Saturn Hyperion
9%
Jupiter Kore
9%
Neptune Larissa
9%
Uranus Mab
9%
Neptune Neso
9%
Saturn Pandora
9%
Saturn Phoebe
9%
Saturn Prometheus
9%
Jupiter Themisto
9%
Saturn Aegaeon
0%
Saturn Aegir
0%
Jupiter Aitne
0%
Saturn Albiorix
0%
Saturn Alvaldi
0%
Jupiter Ananke
0%
Saturn Angrboda
0%
Saturn Anthe
0%
Jupiter Aoede
0%
Jupiter Arche
0%
Jupiter Autonoe
0%
Saturn Bebhionn
0%
Saturn Beli
0%
Uranus Belinda
0%
Saturn Bergelmir
0%
Saturn Bestla
0%
Uranus Bianca
0%
Uranus Caliban
0%
Jupiter Callirrhoe
0%
Saturn Calypso
0%
Jupiter Carme
0%
Jupiter Carpo
0%
Jupiter Chaldene
0%
Uranus Cordelia
0%
Uranus Cressida
0%
Jupiter Cyllene
0%
Saturn Daphnis
0%
Uranus Desdemona
0%
Neptune Despina
0%
Saturn Eggther
0%
Jupiter Eirene
0%
Jupiter Erinome
0%
Saturn Erriapus
0%
Jupiter Ersa
0%
Jupiter Euanthe
0%
Jupiter Eukelade
0%
Jupiter Eupheme
0%
Jupiter Euporie
0%
Jupiter Eurydome
0%
Saturn Farbauti
0%
Saturn Fenrir
0%
Uranus Ferdinand
0%
Saturn Fornjot
0%
Uranus Francisco
0%
Neptune Galatea
0%
Saturn Geirrod
0%
Saturn Gerd
0%
Saturn Greip
0%
Saturn Gridr
0%
Saturn Gunnlod
0%
Neptune Halimede
0%
Jupiter Harpalyke
0%
Saturn Hati
0%
Jupiter Hegemone
0%
Saturn Helene
0%
Jupiter Helike
0%
Jupiter Hermippe
0%
Jupiter Herse
0%
Jupiter Himalia
0%
Neptune Hippocamp
0%
Saturn Hyrrokkin
0%
Saturn Ijiraq
0%
Jupiter Iocaste
0%
Jupiter Isonoe
0%
Saturn Jarnsaxa
0%
Jupiter Kale
0%
Jupiter Kallichore
0%
Jupiter Kalyke
0%
Saturn Kari
0%
Saturn Kiviuq
0%
Neptune Laomedeia
0%
Jupiter Leda
0%
Saturn Loge
0%
Jupiter Lysithea
0%
Uranus Margaret
0%
Jupiter Megaclite
0%
Saturn Methone
0%
Jupiter Mneme
0%
Saturn Mundilfari
0%
Neptune Naiad
0%
Saturn Narvi
0%
Neptune Nereid
0%
Uranus Ophelia
0%
Jupiter Orthosie
0%
Saturn Paaliaq
0%
Saturn Pallene
0%
Jupiter Pandia
0%
Jupiter Pasiphae
0%
Jupiter Pasithee
0%
Uranus Perdita
0%
Jupiter Philophrosyne
0%
Saturn Polydeuces
0%
Uranus Portia
0%
Jupiter Praxidike
0%
Uranus Prospero
0%
Neptune Proteus
0%
Neptune Psamathe
0%
Uranus Rosalind
0%
Neptune Sao
0%
Uranus Setebos
0%
Saturn Siarnaq
0%
Jupiter Sinope
0%
Saturn Skathi
0%
Saturn Skoll
0%
Saturn Skrymir
0%
Jupiter Sponde
0%
Uranus Stephano
0%
Saturn Surtur
0%
Saturn Suttungr
0%
Uranus Sycorax
0%
Saturn Tarqeq
0%
Saturn Tarvos
0%
Jupiter Taygete
0%
Saturn Telesto
0%
Neptune Thalassa
0%
Jupiter Thelxinoe
0%
Saturn Thiazzi
0%
Saturn Thrymr
0%
Jupiter Thyone
0%
Uranus Trinculo
0%
Jupiter Valetudo
0%
Saturn Ymir
0%
No matching quizzes found
Score Distribution
Percent of People with Each Score
Percentile by Number Answered
Your Score History
You have not taken this quiz